000 00477nam a22001697a 4500
003 OSt
005 20251022030908.0
008 251022b |||||||| |||| 00| 0 eng d
035 _a978-059-333-483-6
040 _aDWCL - Main Lib
_cOC
082 _aFic. H493b 2022
100 _aHenry, Emily
245 _aBook Lover /
_cEmily Henry
260 _aNew York :
_b Penguin Random House,
_cc2022.
300 _a404 pages :
_b illustrations ;
_c21cm.
942 _2ddc
_cFIC.
_mFic.
_n0
999 _c5006
_d5006